| 000 | 00964 a2200217 4500 | ||
|---|---|---|---|
| 003 | NUST | ||
| 005 | 20230120124545.0 | ||
| 010 | _a 94002182 | ||
| 020 | _a020156310X (recycled, acid-free paper) | ||
| 040 | _cNust | ||
| 082 | 0 | 0 | _a658.4092,BEN |
| 100 | 1 |
_aBennis, Warren G. _9107241 |
|
| 245 | 1 | 0 |
_aLearning to lead : _ba workbook on becoming a leader / _cWarren Bennis, Joan Goldsmith. |
| 260 |
_aReading, Mass. : _bAddison-Wesley Pub. Co., _cc1994. |
||
| 300 |
_axvii, 182 p. ; _bill. ; _c24 cm. |
||
| 505 | _aLeadership for the 1990 and Beyond (Page-1), How to Use this Workbook (Page-21), How to Use this Workbook (Page-21), The Leadership Crisis (Page-41), Knowing Yourself (Page-69), Creating and Communicating a Vision (Page-99), Maintaining Trust Through Integrity (Page-119), Realizing Intention through Action (Page-143). | ||
| 650 | 0 | _aLeadership. | |
| 650 | 0 | _aManagement. | |
| 700 | 1 |
_aGoldsmith, Joan. _920677 |
|
| 942 |
_2ddc _cBK _k658.4092,BEN |
||
| 999 |
_c184942 _d184942 |
||